Images of war /

Bibliographic Details
Main Author: Capa, Robert, 1913-1954
Format: Book
Language:English
Published: New York : Grossman Publishers, 1964.
Subjects:

MARC

Tag First Indicator Second Indicator Subfields
LEADER 00000cam a2200000 4500
001 in00000099543
005 20150926125625.0
008 720414s1964 00010 eng
010 |a  64004621  
035 |a (OCoLC)00284771 
035 |9 AAL3964AM 
040 |a DLC  |c OSU  |d OCL  |d TXA  |d UtOrBLW 
049 |a TXAM  |c 1 [665676]  |c 2 [407355] 
050 0 |a TR140.C28  |b A3 
082 0 |a 908.4 
100 1 |a Capa, Robert,  |d 1913-1954. 
245 1 0 |a Images of war /  |c by Robert Capa, with text from his own writings. 
264 1 |a New York :  |b Grossman Publishers,  |c 1964. 
300 |a 175 pages :  |b illustrations, portraits ;  |c 33 cm. 
336 |a text  |b txt  |2 rdacontent 
337 |a unmediated  |b n  |2 rdamedia 
338 |a volume  |b nc  |2 rdacarrier 
650 0 |a Military history, Modern  |y 20th century  |x Pictorial works. 
999 |a MARS 
999 f f |s 217d428f-e484-3471-8c9a-f4d43c1950d1  |i f0c6b3a7-3cb6-3ead-8c49-8f228475f5c1  |t 0 
952 f f |p normal  |a Texas A&M University  |b College Station  |c Sterling C. Evans Library  |d Evans: Library Stacks  |t 0  |e TR140.C28 A3  |h Library of Congress classification  |i unmediated -- volume  |m A14805622498 
998 f f |a TR140.C28 A3  |t 0  |l Evans: Library Stacks